000 00676nam a2200205 a 4500
001 000048832
005 20201002061437.0
008 190415s2016 pr 000 p spa d
020 _a9789945581669
040 _aDO-SdBNP
_bspa
_cBNPHU
082 _axxxx
_bC348in
100 1 _aCastellanos, Rebeca
_976288
245 1 4 _aLos instrumentos del gozo /
_cRebeca Castellanos.
260 _aSan Juan, Puerto Rico ; Santo Domingo :
_bIsla Negra Editores,
_bBúho,
_c2016.
300 _a76 p. ;
_c22 cm.
490 1 _aFilo de Juego
500 _aIncluye datos biográficos de la autora en la solapa de la cubierta
590 _aInventariado, 2019/LP
830 0 _aFilo de Juego
_91014
999 _c48320
_d48320